000 00358nam a2200157Ia 4500
100 _aSudhakar/G.P
650 _aProject Management
942 _cBK
366 _f25
245 _aElements of Software Project Management
260 _bPrentice Hall of India
_c2010
082 _a5.15
_bSUD
300 _a237
546 _aENGLISH
_cComputers
999 _c29887
_d29887